[Event "Chess House GM "]
[Site "Aarhus"]
[Date "2016.02.17"]
[Round "5.5"]
[White "Ochsner, Bjorn Moller"]
[Black "Grabarczyk, Miroslaw"]
[Result "1/2-1/2"]
[WhiteElo "2396"]
[BlackElo "2432"]
[PlyCount "81"]
[EventDate "2016.??.??"]
[EventType "tourn"]
[EventRounds "9"]
[EventCountry "DEN"]
[WhiteClock "0:24:39"]
[BlackClock "0:08:19"]

1. e4 e5 2. Nf3 Nf6 3. Nxe5 d6 4. Nf3 Nxe4 5. Nc3 Nf6 6. d4 Be7 7. Bd3 Bg4 8.
h3 Bh5 9. O-O O-O 10. g4 Bg6 11. Bxg6 hxg6 12. Bf4 Re8 13. Qd3 Na6 14. a3 c6
15. Rfe1 Nc7 16. Bg3 Qd7 17. Nd2 Bf8 18. Kf1 b5 19. a4 a6 20. Rxe8 Rxe8 21.
axb5 axb5 22. Ra7 Ra8 23. Rxa8 Nxa8 24. d5 Nxd5 25. Nxd5 cxd5 26. Qxd5 Nb6 27.
Qd3 Qc6 28. Kg1 Nc4 29. b3 Nxd2 30. Qxd2 f6 31. Qd3 g5 32. c4 bxc4 33. bxc4 Kf7
34. f3 Be7 35. Bf2 Bd8 36. Kg2 Bb6 37. Bg3 Bc5 38. h4 gxh4 39. Bxh4 Qb7 40. Bg3
Qd7 41. Qd5+ 1/2-1/2

[Event "Chess House GM "]
[Site "Aarhus"]
[Date "2016.02.18"]
[Round "6.1"]
[White "Chatalbashev, Boris"]
[Black "Ochsner, Bjorn Moller"]
[Result "0-1"]
[WhiteElo "2563"]
[BlackElo "2396"]
[PlyCount "84"]
[EventDate "2016.??.??"]
[EventType "tourn"]
[EventRounds "9"]
[EventCountry "DEN"]
[WhiteClock "0:01:48"]
[BlackClock "0:05:58"]

1. d4 Nf6 2. c4 g6 3. Nc3 Bg7 4. e4 d6 5. Be2 O-O 6. Be3 e5 7. d5 a5 8. g4 Na6
9. g5 Nd7 10. h4 c6 11. dxc6 Ndc5 12. cxb7 Bxb7 13. f3 Nb4 14. Nb5 Ne6 15. Nxd6
Qc7 16. Nb5 Qc8 17. Nc3 Rd8 18. Nd5 Bxd5 19. exd5 Nd4 20. Bxd4 exd4 21. a3 d3
22. axb4 dxe2 23. Nxe2 Qxc4 24. bxa5 Re8 25. d6 Rad8 26. Rh2 Qf4 27. Rf2 Qxh4
28. Ra4 Qxg5 29. Re4 Qxa5+ 30. b4 Qb5 31. Kf1 Re5 32. Kg2 Rd5 33. Qb3 R5xd6 34.
Nc3 Qg5+ 35. Rg4 Qe3 36. Rc4 Rd3 37. Rc7 Rf8 38. b5 Rxc3 39. Rxc3 Qxc3 40. Qd5
Qe5 41. Rd2 Qxd5 42. Rxd5 Rb8 0-1

[Event "Chess House GM "]
[Site "Aarhus"]
[Date "2016.02.18"]
[Round "6.2"]
[White "Matthiesen, Martin"]
[Black "Kollars, Dmitrij"]
[Result "0-1"]
[WhiteElo "2370"]
[BlackElo "2429"]
[PlyCount "68"]
[EventDate "2016.??.??"]
[EventType "tourn"]
[EventRounds "9"]
[EventCountry "DEN"]
[WhiteClock "0:02:48"]
[BlackClock "0:14:56"]

1. d4 Nf6 2. c4 e6 3. Nf3 Bb4+ 4. Bd2 Qe7 5. g3 Nc6 6. Bg2 Bxd2+ 7. Nbxd2 d6 8.
e4 a5 9. O-O e5 10. d5 Nb8 11. Ne1 h5 12. h4 O-O 13. Nd3 Bg4 14. f3 Bd7 15. b3
c6 16. Rc1 Na6 17. a3 Rfc8 18. dxc6 bxc6 19. Qe2 Rab8 20. c5 Nxc5 21. Nxc5 dxc5
22. Qe3 Be6 23. Qxc5 Qc7 24. Qc3 Rd8 25. Nc4 Bxc4 26. Qxc4 Qb6+ 27. Qc5 Qxb3
28. Qxe5 Rd2 29. Rxc6 Rb5 30. Rc8+ Kh7 31. Qf4 Qa2 32. Bh3 Rbb2 33. Bf5+ g6 34.
Bxg6+ Kg7 0-1

[Event "Chess House GM "]
[Site "Aarhus"]
[Date "2016.02.18"]
[Round "6.3"]
[White "Skytte, Rasmus"]
[Black "Pedersen, Nicolai Vesterbaek"]
[Result "1/2-1/2"]
[WhiteElo "2402"]
[BlackElo "2378"]
[PlyCount "35"]
[EventDate "2016.??.??"]
[EventType "tourn"]
[EventRounds "9"]
[EventCountry "DEN"]
[WhiteClock "1:10:32"]
[BlackClock "1:27:47"]

1. d4 Nf6 2. c4 e6 3. Nc3 Bb4 4. e3 c5 5. Bd3 Nc6 6. Nge2 cxd4 7. exd4 d5 8.
cxd5 Nxd5 9. O-O O-O 10. Nxd5 exd5 11. Nf4 Bd6 12. Re1 Bxf4 13. Bxf4 Qh4 14.
Bd6 Rd8 15. Bc7 Rf8 16. Bd6 Rd8 17. Bc7 Rf8 18. Bd6 1/2-1/2

[Event "Chess House GM "]
[Site "Aarhus"]
[Date "2016.02.18"]
[Round "6.4"]
[White "Grabarczyk, Miroslaw"]
[Black "Ovsejevitsch, Sergei"]
[Result "1/2-1/2"]
[WhiteElo "2432"]
[BlackElo "2584"]
[PlyCount "23"]
[EventDate "2016.??.??"]
[EventType "tourn"]
[EventRounds "9"]
[EventCountry "DEN"]
[WhiteClock "1:22:11"]
[BlackClock "1:23:02"]

1. d4 Nf6 2. c4 e6 3. Nf3 b6 4. g3 Bb7 5. Bg2 Be7 6. O-O O-O 7. Nc3 Na6 8. Bf4
Nh5 9. Bd2 Nf6 10. Bf4 Nh5 11. Bd2 Nf6 12. Bf4 1/2-1/2

[Event "Chess House GM "]
[Site "Aarhus"]
[Date "2016.02.18"]
[Round "6.5"]
[White "Fries Nielsen, Jens Ove"]
[Black "Teplyi, Igor"]
[Result "0-1"]
[WhiteElo "2415"]
[BlackElo "2433"]
[PlyCount "91"]
[EventDate "2016.??.??"]
[EventType "tourn"]
[EventRounds "9"]
[EventCountry "DEN"]
[WhiteClock "0:43:54"]
[BlackClock "0:22:29"]

1. e4 c5 2. Nf3 d6 3. d4 cxd4 4. Nxd4 Nf6 5. Nc3 a6 6. b3 e5 7. Nde2 b5 8. Bb2
Bb7 9. Ng3 Nbd7 10. Be2 Rc8 11. O-O h5 12. Bf3 g6 13. Re1 Qc7 14. a3 Bh6 15.
Qe2 O-O 16. Rad1 Rfd8 17. Rc1 Nf8 18. Nd5 Bxd5 19. exd5 Bxc1 20. Rxc1 N8h7 21.
Qd2 Re8 22. Nf1 Qb7 23. Ne3 Ng5 24. Be2 Nge4 25. Qb4 Qa7 26. Qe1 Nc5 27. Bf1
Qe7 28. f3 Nh7 29. a4 Rb8 30. axb5 axb5 31. h4 f5 32. Ra1 f4 33. Nd1 Nf6 34.
Qd2 b4 35. Ra5 Qd8 36. Rxc5 Qb6 37. Bd4 dxc5 38. Bf2 Kg7 39. Nb2 Qd6 40. Bc4 e4
41. Qd1 Ra8 42. Na4 e3 43. Be1 Qe5 44. c3 e2 45. Qc2 Nxd5 46. Qc1 0-1

[Event "Chess House GM "]
[Site "Aarhus"]
[Date "2016.02.19"]
[Round "7.1"]
[White "Pedersen, Nicolai Vesterbaek"]
[Black "Fries Nielsen, Jens Ove"]
[Result "1-0"]
[WhiteElo "2378"]
[BlackElo "2415"]
[PlyCount "67"]
[EventDate "2016.??.??"]
[EventType "tourn"]
[EventRounds "9"]
[EventCountry "DEN"]
[WhiteClock "0:09:08"]
[BlackClock "0:01:18"]

1. e4 g6 2. d4 Bg7 3. Nf3 e6 4. Nc3 Ne7 5. h4 h6 6. Be3 d5 7. Bd3 dxe4 8. Bxe4
Nbc6 9. Qe2 a6 10. O-O-O Qd6 11. Ne5 Nxe5 12. dxe5 Qxe5 13. Qd2 Qd6 14. Qxd6
cxd6 15. Rxd6 Be5 16. Rb6 Bc7 17. Bxb7 Rb8 18. Bc6+ Nxc6 19. Rxc6 Be5 20. Rd1
Bb7 21. Rc5 Bxc3 22. Rxc3 Bxg2 23. Rc7 O-O 24. Rdd7 Kg7 25. Bd4+ Kg8 26. Bc5
Kg7 27. Bxf8+ Rxf8 28. f4 Kf6 29. c4 h5 30. Kd2 e5 31. fxe5+ Kxe5 32. Rxf7 Rb8
33. b3 g5 34. Rc5+ {Kd5 [%clk 0:00:29]} 1-0

[Event "Chess House GM "]
[Site "Aarhus"]
[Date "2016.02.19"]
[Round "7.2"]
[White "Ochsner, Bjorn Moller"]
[Black "Matthiesen, Martin"]
[Result "1-0"]
[WhiteElo "2396"]
[BlackElo "2370"]
[PlyCount "69"]
[EventDate "2016.??.??"]
[EventType "tourn"]
[EventRounds "9"]
[EventCountry "DEN"]
[WhiteClock "0:01:18"]
[BlackClock "0:01:15"]

1. d4 d5 2. c4 c6 3. Nf3 Nf6 4. e3 Bf5 5. Nc3 a6 6. Qb3 Ra7 7. Bd2 e6 8. Nh4
Be4 9. f3 dxc4 10. Qxc4 Bd5 11. Nxd5 cxd5 12. Qa4+ Nc6 13. g3 Bd6 14. Be2 b5
15. Qd1 g5 16. Ng2 h5 17. a4 b4 18. e4 dxe4 19. Bxg5 Be7 20. O-O Nxd4 21. fxe4
Nxe4 22. Bxe7 Rxe7 23. Bxa6 Nd2 24. Rf2 Ne4 25. Rf4 f5 26. Bd3 e5 27. Rf1 Qb6
28. Kh1 Qb7 29. Qe1 h4 30. gxh4 Nd6 31. Qg3 Kf8 32. Rf2 Rg7 33. Qxe5 Rxh4 34.
Qxd6+ Kg8 35. Qd8+ 1-0

[Event "Chess House GM "]
[Site "Aarhus"]
[Date "2016.02.19"]
[Round "7.3"]
[White "Kollars, Dmitrij"]
[Black "Skytte, Rasmus"]
[Result "1/2-1/2"]
[WhiteElo "2429"]
[BlackElo "2402"]
[PlyCount "112"]
[EventDate "2016.??.??"]
[EventType "tourn"]
[EventRounds "9"]
[EventCountry "DEN"]
[WhiteClock "0:11:24"]
[BlackClock "0:06:17"]

1. e4 g6 2. d4 Bg7 3. Nc3 a6 4. f4 d5 5. Nxd5 e6 6. Ne3 Qxd4 7. Qxd4 Bxd4 8.
Nf3 Bg7 9. e5 b6 10. Be2 Bb7 11. Bd2 Ne7 12. O-O-O Nd7 13. h4 Nf5 14. Rh3 Nxe3
15. Bxe3 h5 16. Rh2 Bf8 17. Ng5 Bc5 18. Bxc5 Nxc5 19. g3 Ke7 20. Bc4 Rhd8 21.
Rhd2 Rxd2 22. Rxd2 Ne4 23. Nxe4 Bxe4 24. Be2 Bb7 25. Rd3 Rd8 26. Ra3 a5 27. Rc3
Kd7 28. Kd2 Kc8+ 29. Ke3 Rd5 30. a3 Rd8 31. Bb5 Bg2 32. b4 axb4 33. axb4 Kb7
34. Rd3 Rxd3+ 35. Bxd3 Bh3 36. Bb5 c6 37. Ba4 Kc7 38. Kd4 Bf5 39. c3 Kd7 40.
Bd1 Kc7 41. Bf3 Kd7 42. c4 Kc7 43. c5 b5 44. Ke3 Bg4 45. f5 exf5 46. Bg2 Bd1
47. e6 fxe6 48. Kf4 Kd7 49. Ke5 Bb3 50. Kf6 Bd5 51. Bf1 Bc4 52. Bh3 Bd3 53. Bg2
Be4 54. Bf1 e5 55. Kxe5 Ke7 56. Be2 Bg2 1/2-1/2

[Event "Chess House GM "]
[Site "Aarhus"]
[Date "2016.02.19"]
[Round "7.4"]
[White "Teplyi, Igor"]
[Black "Grabarczyk, Miroslaw"]
[Result "1/2-1/2"]
[WhiteElo "2433"]
[BlackElo "2432"]
[PlyCount "141"]
[EventDate "2016.??.??"]
[EventType "tourn"]
[EventRounds "9"]
[EventCountry "DEN"]
[WhiteClock "0:08:17"]
[BlackClock "0:05:10"]

1. d4 d5 2. c4 e6 3. Nc3 Nf6 4. Nf3 Be7 5. Bg5 h6 6. Bh4 O-O 7. e3 b6 8. Rc1
Bb7 9. Bd3 c5 10. O-O cxd4 11. exd4 Nc6 12. cxd5 Nxd5 13. Bg3 Ncb4 14. Bb1 Nf6
15. Ne5 Rc8 16. Re1 Nc6 17. Nxc6 Bxc6 18. Qd3 Qd7 19. Be5 g6 20. Qg3 Kh7 21.
Rcd1 b5 22. f3 Nh5 23. Qh3 f5 24. g4 Nf6 25. Bf4 h5 26. Be5 b4 27. Ne2 fxg4 28.
fxg4 Qd5 29. Ng3 Kg8 30. gxh5 g5 31. Ne4 Nxe4 32. Bxe4 Qd7 33. d5 Bc5+ 34. Kh1
exd5 35. Qxd7 Bxd7 36. h6 Bf5 37. Bxf5 Rxf5 38. Rxd5 Bf8 39. Rd7 Bxh6 40. Bd4
Rf7 41. Rd5 Rc2 42. Re8+ Rf8 43. Rxf8+ Kxf8 44. Rb5 a5 45. Rxa5 Kf7 46. Rf5+
Ke6 47. Rf2 Rxf2 48. Bxf2 Bg7 49. b3 g4 50. Bc5 Bc3 51. Kg2 Kf5 52. Bd6 Ke6 53.
Bc7 Bd4 54. Kg3 Kf5 55. Bd6 Bc3 56. Kg2 Ke6 57. Bf8 Kf5 58. a4 bxa3 59. Bxa3
Be5 60. Bc5 Ke4 61. Bf2 Kd3 62. Bg3 Bc3 63. Bd6 Be1 64. Kf1 Bh4 65. b4 Kc4 66.
Bc5 Bf6 67. Bd6 Bc3 68. Kf2 Bxb4 69. Bf4 Bc5+ 70. Kg3 Bg1 71. Kxg4 1/2-1/2

[Event "Chess House GM "]
[Site "Aarhus"]
[Date "2016.02.19"]
[Round "7.5"]
[White "Ovsejevitsch, Sergei"]
[Black "Chatalbashev, Boris"]
[Result "1/2-1/2"]
[WhiteElo "2584"]
[BlackElo "2563"]
[PlyCount "60"]
[EventDate "2016.??.??"]
[EventType "tourn"]
[EventRounds "9"]
[EventCountry "DEN"]
[WhiteClock "0:56:24"]
[BlackClock "1:02:29"]

1. d4 d5 2. c4 c6 3. e3 Nf6 4. Nc3 e6 5. Nf3 Nbd7 6. Qc2 Bd6 7. Bd3 O-O 8. O-O
e5 9. cxd5 cxd5 10. e4 dxe4 11. Nxe4 Nxe4 12. Bxe4 h6 13. Be3 exd4 14. Bh7+ Kh8
15. Bxd4 Nf6 16. Bf5 Qa5 17. Bxc8 Rfxc8 18. Qb3 Qd5 19. Rfd1 Qxb3 20. axb3 Rd8
21. g3 a6 22. Nh4 Ne8 23. Nf5 f6 24. Bb6 Bc7 25. Bxc7 Nxc7 26. Nd6 Rdb8 27.
Rac1 Ne8 28. Nxe8 Rxe8 29. Rc7 Rad8 30. Rxd8 Rxd8 1/2-1/2

[Event "Chess House GM "]
[Site "Aarhus"]
[Date "2016.02.20"]
[Round "8.1"]
[White "Matthiesen, Martin"]
[Black "Ovsejevitsch, Sergei"]
[Result "1-0"]
[WhiteElo "2370"]
[BlackElo "2584"]
[PlyCount "43"]
[EventDate "2016.??.??"]
[EventType "tourn"]
[EventRounds "9"]
[EventCountry "DEN"]
[WhiteClock "0:11:52"]
[BlackClock "0:14:10"]

1. d4 d5 2. c4 e6 3. Nc3 Bb4 4. Nf3 Ne7 5. a3 Bxc3+ 6. bxc3 O-O 7. e3 c5 8. Bb2
Qa5 9. Nd2 cxd4 10. cxd4 b6 11. Bd3 dxc4 12. Bxc4 Ba6 13. O-O Rc8 14. Bxa6 Qxa6
15. Ne4 Nd7 16. a4 Nf5 17. d5 Qc4 18. Qg4 h5 19. Qf3 Qxd5 20. Rad1 Qc6 21. Qxh5
Qxa4 22. Rxd7 1-0

[Event "Chess House GM "]
[Site "Aarhus"]
[Date "2016.02.20"]
[Round "8.2"]
[White "Pedersen, Nicolai Vesterbaek"]
[Black "Kollars, Dmitrij"]
[Result "1/2-1/2"]
[WhiteElo "2378"]
[BlackElo "2429"]
[PlyCount "76"]
[EventDate "2016.??.??"]
[EventType "tourn"]
[EventRounds "9"]
[EventCountry "DEN"]
[WhiteClock "0:16:05"]
[BlackClock "0:14:40"]

1. d4 Nf6 2. c4 g6 3. Nc3 Bg7 4. Nf3 O-O 5. Bg5 d6 6. e3 Nbd7 7. Be2 e5 8. O-O
c6 9. Qc2 Qe7 10. Rfd1 h6 11. Bh4 g5 12. dxe5 dxe5 13. Bg3 Nh5 14. Bd3 Nc5 15.
Bh7+ Kh8 16. Bf5 Nxg3 17. hxg3 Be6 18. b4 Na6 19. a3 e4 20. Bxe4 Bxc4 21. Nd4
Be6 22. Rac1 Rad8 23. Nce2 Nc7 24. Bf5 Qf6 25. g4 Qe5 26. Ng3 Rd5 27. Bxe6 Nxe6
28. Ndf5 Rfd8 29. Rxd5 Rxd5 30. Nh5 Qb2 31. Nhxg7 Qxc2 32. Rxc2 Nxg7 33. Nxh6
Kh7 34. Nxf7 Kg6 35. Nh8+ Kh7 36. Nf7 Kg6 37. Nh8+ Kh7 38. Nf7 Kg6 1/2-1/2

[Event "Chess House GM "]
[Site "Aarhus"]
[Date "2016.02.20"]
[Round "8.3"]
[White "Chatalbashev, Boris"]
[Black "Teplyi, Igor"]
[Result "1-0"]
[WhiteElo "2563"]
[BlackElo "2433"]
[PlyCount "109"]
[EventDate "2016.??.??"]
[EventType "tourn"]
[EventRounds "9"]
[EventCountry "DEN"]
[WhiteClock "0:09:48"]
[BlackClock "0:10:50"]

1. c4 c6 2. Nf3 d5 3. e3 Nf6 4. Nc3 a6 5. h3 e6 6. d4 dxc4 7. Bxc4 b5 8. Bd3 c5
9. a4 b4 10. Ne4 Nbd7 11. Nxf6+ Nxf6 12. e4 Bb7 13. e5 Nd7 14. Ng5 Be7 15. Be4
Bxe4 16. Nxe4 cxd4 17. Qxd4 Qa5 18. Nd6+ Bxd6 19. exd6 Qe5+ 20. Be3 Qxd4 21.
Bxd4 e5 22. Be3 Rc8 23. O-O Nf6 24. f4 e4 25. Bd4 Kd7 26. Rad1 Rc2 27. Rfe1 Re8
28. Be5 Nh5 29. Rxe4 a5 30. g4 Ng3 31. Re3 f6 32. Rde1 fxe5 33. fxe5 Rc5 34.
Kg2 g5 35. Kxg3 Re6 36. h4 h6 37. h5 Rd5 38. R1e2 Rc5 39. Kf2 Rd5 40. Re4 Kd8
41. R2e3 Kd7 42. Ke2 Kd8 43. Kf3 Kd7 44. Kf2 Rc5 45. b3 Rd5 46. Ke2 Kd8 47. Rf3
Rdxe5 48. Rxe5 Rxe5+ 49. Re3 Rd5 50. Re6 Rd4 51. Rxh6 Kd7 52. Rh8 Rxg4 53. h6
Rh4 54. h7 Rh3 55. Ra8 1-0

[Event "Chess House GM "]
[Site "Aarhus"]
[Date "2016.02.20"]
[Round "8.4"]
[White "Fries Nielsen, Jens Ove"]
[Black "Grabarczyk, Miroslaw"]
[Result "0-1"]
[WhiteElo "2415"]
[BlackElo "2432"]
[PlyCount "82"]
[EventDate "2016.??.??"]
[EventType "tourn"]
[EventRounds "9"]
[EventCountry "DEN"]
[WhiteClock "0:00:55"]
[BlackClock "0:01:07"]

1. d4 d5 2. Nc3 Nf6 3. Bf4 c6 4. f3 b5 5. g4 Nbd7 6. e3 e6 7. a3 b4 8. axb4
Bxb4 9. Nge2 Qe7 10. Ng3 h6 11. h4 g6 12. h5 g5 13. Bc7 a5 14. Nge2 e5 15. Ng3
exd4 16. Qxd4 Bc5 17. Qa4 Qxe3+ 18. Be2 O-O 19. Nd1 Qe6 20. Kf1 Ra7 21. Bxa5
Nb6 22. Qb3 Nc4 23. Qc3 Re8 24. Kg2 Qd6 25. Bxc4 dxc4 26. Re1 Rxe1 27. Qxe1 Re7
28. Qd2 Nd5 29. Ne4 Rxe4 30. fxe4 Qe6 31. Nf2 Ne3+ 32. Kh1 Nxg4 33. Nd1 Ne3 34.
Nxe3 Qh3+ 35. Qh2 Qxe3 36. Re1 Qf3+ 37. Qg2 Qxh5+ 38. Qh2 Bh3 39. Rf1 Bg2+ 40.
Kxg2 Qe2+ 41. Kh3 g4+ 0-1

[Event "Chess House GM "]
[Site "Aarhus"]
[Date "2016.02.20"]
[Round "8.5"]
[White "Skytte, Rasmus"]
[Black "Ochsner, Bjorn Moller"]
[Result "1/2-1/2"]
[WhiteElo "2402"]
[BlackElo "2396"]
[PlyCount "100"]
[EventDate "2016.??.??"]
[EventType "tourn"]
[EventRounds "9"]
[EventCountry "DEN"]
[WhiteClock "0:23:58"]
[BlackClock "0:04:25"]

1. e4 e5 2. Nc3 Nf6 3. Bc4 Nxe4 4. Qh5 Nd6 5. Qxe5+ Qe7 6. Qxe7+ Bxe7 7. Bb3
Nf5 8. Nf3 c6 9. O-O d5 10. d4 g5 11. Ne2 f6 12. c3 Nd6 13. Ng3 h5 14. Re1 Kf7
15. h3 Nd7 16. Bd2 Nf8 17. Re2 Be6 18. Rae1 Re8 19. Bc2 h4 20. Nf1 Bd8 21. N1h2
Bd7 22. Rxe8 Nxe8 23. Ng4 Nd6 24. Nfh2 Ne6 25. Ne3 Nf4 26. Neg4 Ne6 27. Ne3 Ng7
28. Neg4 Bc7 29. Nf3 Be6 30. Bc1 Bf5 31. Bb3 Nh5 32. Nfh2 Be6 33. Nf1 Ne4 34.
Bc2 Nd6 35. Nfh2 Nf5 36. Ne3 Nd6 37. Neg4 Nf5 38. Ne3 Ne7 39. Neg4 Nf4 40. Nf3
Bc8 41. Bd2 b6 42. Ne3 Ba6 43. Nf5 Neg6 44. Bxf4 Bxf4 45. Nh2 Bc8 46. Ng4 Rd8
47. Nfh6+ Kg7 48. Nf5+ Kf7 49. Nfh6+ Kg7 50. Nf5+ Kf7 1/2-1/2

[Event "Chess House GM "]
[Site "Aarhus"]
[Date "2016.02.21"]
[Round "9.1"]
[White "Grabarczyk, Miroslaw"]
[Black "Chatalbashev, Boris"]
[Result "1/2-1/2"]
[WhiteElo "2432"]
[BlackElo "2563"]
[PlyCount "61"]
[EventDate "2016.??.??"]
[EventType "tourn"]
[EventRounds "9"]
[EventCountry "DEN"]
[WhiteClock "1:08:16"]
[BlackClock "1:12:56"]

1. d4 Nf6 2. c4 e6 3. Nf3 c5 4. d5 d6 5. Nc3 exd5 6. cxd5 g6 7. h3 Bg7 8. e4
O-O 9. Bd3 b5 10. Bxb5 Nxe4 11. Nxe4 Qa5+ 12. Nfd2 Qxb5 13. Nxd6 Qa6 14. N2c4
Nd7 15. O-O Ne5 16. Nxe5 Qxd6 17. Nc6 Bb7 18. Be3 Bxc6 19. dxc6 Qxc6 20. Rc1
Bxb2 21. Rxc5 Qe6 22. Qd5 Qxd5 23. Rxd5 a5 24. Rb1 Bc3 25. Rb3 Rfc8 26. Bc5 Bb4
27. Bxb4 axb4 28. Rxb4 Rxa2 29. Rf4 Rc7 30. h4 h5 31. g3 1/2-1/2

[Event "Chess House GM "]
[Site "Aarhus"]
[Date "2016.02.21"]
[Round "9.2"]
[White "Ovsejevitsch, Sergei"]
[Black "Skytte, Rasmus"]
[Result "1-0"]
[WhiteElo "2584"]
[BlackElo "2402"]
[PlyCount "123"]
[EventDate "2016.??.??"]
[EventType "tourn"]
[EventRounds "9"]
[EventCountry "DEN"]
[WhiteClock "0:12:36"]
[BlackClock "0:05:29"]

1. Nf3 g6 2. c4 Bg7 3. e4 d6 4. d4 Bg4 5. Be2 Nc6 6. Be3 Bxf3 7. Bxf3 e5 8. d5
Nd4 9. Bxd4 exd4 10. Nd2 c5 11. O-O Ne7 12. Be2 O-O 13. Bd3 Qd7 14. Qc2 Rae8
15. Rae1 f5 16. exf5 Nxf5 17. Nf3 Bf6 18. g3 Ng7 19. Rxe8 Rxe8 20. Re1 Rxe1+
21. Nxe1 Bd8 22. Be2 b6 23. Nd3 Qe8 24. Bf3 Bf6 25. Kg2 Qd7 26. b3 Kf7 27. h4
Kg8 28. Qe2 Qe7 29. Be4 Qd7 30. Qf3 Bd8 31. Nf4 Qe7 32. Bd3 Qd7 33. Kh2 a5 34.
Bf1 Qf5 35. Bh3 Qf6 36. Bg4 Be7 37. Kg2 Bd8 38. Be6+ Kf8 39. Qg4 Qe5 40. Nd3
Qf6 41. Qe4 Be7 42. Kf1 Bd8 43. Ke2 Be7 44. Kd2 Ne8 45. Kc2 Nc7 46. Bd7 Na6 47.
a3 Nc7 48. h5 Kg7 49. hxg6 hxg6 50. Kd1 Qg5 51. Ke2 Bf6 52. Kf1 Bd8 53. Kg2 Qe7
54. Be6 Qg5 55. Nf4 Bf6 56. Bg4 Kh6 57. Be2 Be5 58. Nh3 Qe7 59. Bd3 Qe8 60.
Qh4+ Kg7 61. Ng5 Qg8 62. Qh3 1-0

[Event "Chess House GM "]
[Site "Aarhus"]
[Date "2016.02.21"]
[Round "9.3"]
[White "Kollars, Dmitrij"]
[Black "Fries Nielsen, Jens Ove"]
[Result "1/2-1/2"]
[WhiteElo "2429"]
[BlackElo "2415"]
[PlyCount "68"]
[EventDate "2016.??.??"]
[EventType "tourn"]
[EventRounds "9"]
[EventCountry "DEN"]
[WhiteClock "0:21:40"]
[BlackClock "0:25:16"]

1. e4 g6 2. d4 Bg7 3. Nc3 Nc6 4. d5 Nb8 5. Nf3 d6 6. Bc4 Bg4 7. h3 Bxf3 8. Qxf3
Nd7 9. Qe2 Ngf6 10. O-O O-O 11. Be3 c6 12. a4 a5 13. Rad1 Qc7 14. Rfe1 Rac8 15.
Bb3 Nb6 16. Qd2 Nfd7 17. Bh6 Nc5 18. Bxg7 Kxg7 19. Qd4+ Kg8 20. e5 Nxb3 21.
cxb3 Nxd5 22. exd6 Qxd6 23. Nxd5 cxd5 24. Qxd5 Qc7 25. Qe5 Qb6 26. Qe3 Qf6 27.
Qxe7 Qxb2 28. Qxb7 Rb8 29. Qd5 Qxb3 30. Qxb3 Rxb3 31. Rd5 Ra8 32. Ree5 Rb4 33.
Rxa5 Rxa4 34. Rxa8+ Rxa8 1/2-1/2

[Event "Chess House GM "]
[Site "Aarhus"]
[Date "2016.02.21"]
[Round "9.4"]
[White "Teplyi, Igor"]
[Black "Matthiesen, Martin"]
[Result "0-1"]
[WhiteElo "2433"]
[BlackElo "2370"]
[PlyCount "74"]
[EventDate "2016.??.??"]
[EventType "tourn"]
[EventRounds "9"]
[EventCountry "DEN"]
[WhiteClock "0:02:12"]
[BlackClock "0:05:03"]

1. d4 e6 2. c4 b6 3. Nf3 Bb7 4. Nc3 Bb4 5. e3 f5 6. Bd3 Nf6 7. O-O Bxc3 8. bxc3
O-O 9. Nd2 d6 10. f3 Nbd7 11. Qe2 Qe7 12. Nb3 c5 13. a4 a5 14. Nd2 Rae8 15. e4
Qd8 16. Bc2 Qc7 17. Re1 fxe4 18. fxe4 cxd4 19. cxd4 e5 20. d5 Ba6 21. Ba3 Nc5
22. Nb1 Qf7 23. Bxc5 bxc5 24. Nc3 Nh5 25. Nb5 Qg6 26. Rf1 Bc8 27. Kh1 Qh6 28.
Qd3 Bg4 29. Kg1 Nf4 30. Qb3 Bh3 31. Rxf4 Qxf4 32. gxh3 Qf2+ 33. Kh1 Rf3 34. Qb1
Rxh3 35. Qg1 Qxc2 36. Qg2 Qxg2+ 37. Kxg2 Rh6 0-1

[Event "Chess House GM "]
[Site "Aarhus"]
[Date "2016.02.20"]
[Round "9.5"]
[White "Ochsner, Bjorn Moller"]
[Black "Pedersen, Nicolai Vesterbaek"]
[Result "1/2-1/2"]
[WhiteElo "2396"]
[BlackElo "2378"]
[PlyCount "53"]
[EventDate "2016.??.??"]
[EventType "tourn"]
[EventRounds "9"]
[EventCountry "DEN"]
[WhiteClock "0:19:26"]
[BlackClock "0:42:06"]

1. d4 Nf6 2. c4 c5 3. d5 e6 4. Nc3 exd5 5. cxd5 Bd6 6. Nf3 O-O 7. Bg5 Re8 8. e3
Bf8 9. Bd3 d6 10. O-O Nbd7 11. Qc2 h6 12. Bh4 a6 13. a4 Rb8 14. Nd2 Ne5 15. Be2
Ng6 16. Bg3 Bg4 17. Nc4 Bxe2 18. Qxe2 b5 19. axb5 axb5 20. Na5 Qb6 21. Nc6 Rb7
22. Na5 Rbb8 23. Nc6 Rb7 24. Na5 Rbb8 25. Nc6 Rb7 26. Qf3 Rc8 27. Qd1 1/2-1/2